00834nam a22001817a 4500003000900000008004100009040007100050082001600121100002100137245003300158260003500191300003000226440002000256505029000276650003000566650002900596650002700625AR-CdUCM190325b ||||| |||| 00| 0 spa d aMUNICIPALIDAD PROVINCIAL DEL CUSCOcBIBLIOTECA MUNICIPAL DEL CUSCO a591 /bF442 aFiasson, Raymond aEl hombre contra el animal / aEspaña :boikos-tau ,c1971. a125 páginas ;c17.6 cm. a¿Que sé?n50 aContenido : La desaparicion de las especies animales -- Causas anturales de la desaparicieion de la fauna salvaje -- Responsabilidades del gomb re en la desaparicion de la fauna salvaje --El animal salvaje tiene derecho a la vida -- ¿Como preservar al animal salvaje? -- Conclusion... aExtincion de Fauna Animal aPreservacion de Especies aConservacion Zoologica